| 000 | 00536nam a2200181 4500 | ||
|---|---|---|---|
| 001 | 2829 | ||
| 005 | 20230410103917.0 | ||
| 008 | 060907n1996 dr spa | ||
| 020 | _a0718513762 | ||
| 035 | _9funglode2839 | ||
| 041 | _aEN | ||
| 050 | 1 | 4 | _a438 DS 559 P132u 1996 |
| 100 | _aPage, Caroline | ||
| 245 | 1 |
_aU.S. official propaganda during the Vietnam war, 1965-1973 : _bthe limits of persuasion / _cCaroline Page |
|
| 260 |
_aLondon : _bLeicester University Press, _c1996 |
||
| 300 | _avii, 325 p. | ||
| 942 |
_2lcc _cbk |
||
| 999 |
_c28270 _d28270 |
||